[Event "Lichtenberger Sommer 2018"]
[Site "?"]
[Date "2018.08.20"]
[Round "3.1"]
[White "Stern, René"]
[Black "Meyer-Dunker, Paul"]
[Result "1-0"]
[WhiteElo "2519"]
[BlackElo "2017"]
[PlyCount "65"]
[EventDate "2018.??.??"]
[WhiteTeam "SK König Tegel"]
[BlackTeam "SC Friesen Lichtenberg"]

1. Nf3 d5 2. d4 Nf6 3. c4 dxc4 4. e3 e6 5. Bxc4 c5 6. O-O a6 7. dxc5 Qxd1 8.
Rxd1 Bxc5 9. Be2 b5 10. a4 b4 11. Nbd2 Nc6 12. Nb3 Be7 13. Nfd2 Bb7 14. Nc4 Rd8
15. Rxd8+ Kxd8 16. f3 Nd7 17. e4 Nc5 18. Nba5 Nd4 19. Be3 Ndb3 20. Rd1+ Kc8 21.
Bf4 Nxa4 22. Nxb3 Rd8 23. Rxd8+ Kxd8 24. Bd6 Kd7 25. Bxe7 Kxe7 26. Kf2 f5 27.
Ke3 fxe4 28. fxe4 e5 29. Nba5 Ba8 30. Nxe5 Nc5 31. Nec6+ Kd6 32. Nxb4 Bxe4 33.
g3 1-0

[Event "Lichtenberger Sommer 2018"]
[Site "?"]
[Date "2018.08.20"]
[Round "3.2"]
[White "Freundorfer, Josef"]
[Black "Berger, Steve"]
[Result "0-1"]
[WhiteElo "2147"]
[BlackElo "2428"]
[PlyCount "104"]
[EventDate "2018.??.??"]
[WhiteTeam "MTV Ingolstadt"]
[BlackTeam "SK König Tegel"]

1. e4 e6 2. d4 d5 3. Nc3 Nf6 4. Bg5 dxe4 5. Nxe4 Nbd7 6. c3 Be7 7. Bxf6 Nxf6 8.
Bd3 Nxe4 9. Bxe4 c5 10. Nf3 cxd4 11. Nxd4 Qb6 12. Qe2 O-O 13. O-O Bf6 14. Rfd1
Rd8 15. Rd2 e5 16. Nf3 Rxd2 17. Qxd2 Be6 18. Qc2 g6 19. b3 Qc7 20. c4 Rc8 21.
Qe2 Rd8 22. Rd1 Rxd1+ 23. Qxd1 a5 24. h3 Kg7 25. Qd2 h6 26. g4 b6 27. Qe2 Qc5
28. Kg2 a4 29. Kg3 Qb4 30. Bc2 Qc3 31. h4 a3 32. Qe4 Bd7 33. g5 hxg5 34. hxg5
Bxg5 35. Qxe5+ Bf6 36. Qxc3 Bxc3 37. Kf4 f5 38. Ke3 Kf6 39. Kd3 Bb4 40. Nd4 Ke5
41. f3 Bc5 42. Ne2 g5 43. Kc3 Bc6 44. b4 Bf2 45. Nc1 Bd4+ 46. Kb3 Bxf3 47. Nd3+
Kf6 48. Kxa3 g4 49. Ne1 Bc6 50. Kb3 f4 51. Bd3 Bf2 52. Be2 f3 0-1

[Event "Lichtenberger Sommer 2018"]
[Site "?"]
[Date "2018.08.20"]
[Round "3.3"]
[White "Ahmadinia, Ebrahim"]
[Black "Stark, Ingo"]
[Result "1-0"]
[WhiteElo "2418"]
[BlackElo "2107"]
[PlyCount "83"]
[EventDate "2018.??.??"]
[WhiteTeam "SF 1903 Berlin"]
[BlackTeam "TSG Oberschöneweide"]

1. e4 c5 2. Nf3 d6 3. d4 cxd4 4. Nxd4 Nf6 5. f3 a6 6. c4 g6 7. Nc3 Bg7 8. Be3
Nc6 9. Qd2 Bd7 10. Be2 Rc8 11. O-O O-O 12. Rac1 Re8 13. Nxc6 Rxc6 14. b4 Be6
15. Nd5 Nd7 16. Rfd1 b6 17. Nf4 Qc8 18. Nxe6 fxe6 19. f4 g5 20. fxg5 Ne5 21.
Qc2 Rf8 22. Qb3 Kh8 23. Bd4 Ng6 24. Bf2 Be5 25. g3 Bg7 26. a4 Ne5 27. Rf1 Qb7
28. Bd4 Rcc8 29. Qe3 Nc6 30. Bxg7+ Kxg7 31. Bg4 Ne5 32. Bxe6 Rb8 33. Rf4 a5 34.
bxa5 bxa5 35. Rcf1 Qc7 36. h4 Qc5 37. Qxc5 dxc5 38. Rf5 Nc6 39. Rxc5 Rxf1+ 40.
Kxf1 Nd4 41. Bg4 Rb2 42. Rxa5 1-0

[Event "Lichtenberger Sommer 2018"]
[Site "?"]
[Date "2018.08.20"]
[Round "3.4"]
[White "Schliebener, Stephan"]
[Black "Gullaksen, Eirik"]
[Result "1/2-1/2"]
[WhiteElo "2131"]
[BlackElo "2357"]
[PlyCount "93"]
[EventDate "2018.??.??"]
[WhiteTeam "BSV 63 Chemie Weißensee"]
[BlackTeam "Bergens Schakklub"]

1. c4 g6 2. Nc3 Bg7 3. g3 e5 4. Bg2 Nc6 5. e4 d6 6. Nge2 f5 7. d3 Nf6 8. O-O
O-O 9. Nd5 f4 10. gxf4 Nh5 11. f5 gxf5 12. exf5 Bxf5 13. Ng3 Nxg3 14. fxg3 Qd7
15. Be3 Rae8 16. Qd2 Nd4 17. Rae1 Ne6 18. Rf2 c6 19. Nc3 b6 20. Ref1 Bg4 21.
Bh6 Nd4 22. Ne4 Rxf2 23. Rxf2 Re6 24. Bg5 Rg6 25. Nf6+ Bxf6 26. Rxf6 Rxf6 27.
Bxf6 Qf5 28. Qh6 Qg6 29. Qxg6+ hxg6 30. Be7 Nf5 31. Bg5 Nd4 32. Be7 Nf5 33. Bd8
Be2 34. Be4 c5 35. Kf2 Bg4 36. Bc7 Kf7 37. Bb8 a6 38. Bb7 Ke7 39. Bc7 b5 40.
Bxa6 Kd7 41. Ba5 b4 42. a3 bxa3 43. bxa3 Nd4 44. Bc3 Nc2 45. Bb5+ Kc7 46. Bb2
Bf5 47. Ba4 1/2-1/2

[Event "Lichtenberger Sommer 2018"]
[Site "?"]
[Date "2018.08.20"]
[Round "3.5"]
[White "Figura, Atila Gajo"]
[Black "Segerberg, Tomas"]
[Result "1-0"]
[WhiteElo "2389"]
[BlackElo "2101"]
[PlyCount "53"]
[EventDate "2018.??.??"]
[WhiteTeam "SK Zehlendorf"]
[BlackTeam "SG NARVA Berlin"]

1. d4 e6 2. c4 Nf6 3. Nc3 Bb4 4. Qc2 d5 5. a3 Bxc3+ 6. Qxc3 Ne4 7. Qc2 Nc6 8.
e3 e5 9. f3 Qh4+ 10. g3 Nxg3 11. Qf2 Nf5 12. Qxh4 Nxh4 13. cxd5 Na5 14. Bb5+
Bd7 15. Bxd7+ Kxd7 16. dxe5 Nb3 17. Rb1 Rae8 18. f4 f6 19. exf6 gxf6 20. Ke2
Rhg8 21. Nh3 Nf5 22. Kf2 Nxc1 23. Rbxc1 Nxe3 24. Rc3 Nxd5 25. Rd1 c6 26. Kf3
Kc7 27. Rxd5 1-0

[Event "Lichtenberger Sommer 2018"]
[Site "?"]
[Date "2018.08.20"]
[Round "3.6"]
[White "Groß, Thorsten"]
[Black "Florstedt, Johannes"]
[Result "1-0"]
[WhiteElo "2170"]
[BlackElo "2306"]
[PlyCount "50"]
[EventDate "2018.??.??"]
[WhiteTeam "SC Weisse Dame (Berlin)"]
[BlackTeam "SF 1903 Berlin"]

1. c4 e5 2. Nc3 Bb4 3. Qc2 Nf6 4. e3 O-O 5. a3 Bxc3 6. Qxc3 Nc6 7. b4 d5 8.
cxd5 Nxd5 9. Qc2 Qf6 10. Bb2 Re8 11. Be2 Bf5 12. Qc5 Nb6 13. a4 a5 14. bxa5
Rxa5 15. Bb5 Bd3 16. Qc3 Bxb5 17. axb5 Rxb5 18. Nf3 e4 19. Nd4 Nxd4 20. exd4
Nd5 21. Qc4 c6 22. Bc3 Nf4 23. O-O Rg5 24. g3 Nh3+ 25. Kg2 Qf3+ 1-0

[Event "Lichtenberger Sommer 2018"]
[Site "?"]
[Date "2018.08.20"]
[Round "3.7"]
[White "Hacker, Jonas"]
[Black "Jeremic, Dusan"]
[Result "1-0"]
[WhiteElo "2316"]
[BlackElo "2123"]
[PlyCount "99"]
[EventDate "2018.??.??"]
[WhiteTeam "SC Eppingen"]
[BlackTeam "SF 1903 Berlin"]

1. e4 e5 2. Nf3 Nc6 3. Bb5 a6 4. Ba4 Nf6 5. O-O Be7 6. Re1 b5 7. Bb3 O-O 8. d4
Nxd4 9. Bxf7+ Rxf7 10. Nxe5 Rf8 11. Qxd4 Bd6 12. Nf3 Qe7 13. e5 Bc5 14. Qh4 Nd5
15. Qxe7 Bxe7 16. Bg5 Bxg5 17. Nxg5 Bb7 18. Nd2 Rf5 19. Ngf3 Raf8 20. c3 Nf4
21. Re3 g5 22. Nd4 R5f7 23. Ne4 Ng6 24. f3 Re7 25. Nxg5 Nxe5 26. Rae1 d6 27.
Ne4 Rf4 28. Ng3 Ref7 29. Ne6 Nc4 30. R3e2 Rh4 31. Nd8 Bxf3 32. Re8+ Rf8 33.
gxf3 Ne5 34. Rxf8+ Kxf8 35. Re3 Rh6 36. f4 Nc4 37. Re2 Rf6 38. Ne6+ Kf7 39. b3
Nb6 40. f5 Nd5 41. c4 bxc4 42. bxc4 Nc3 43. Ng5+ Kg8 44. Rf2 Nd1 45. Rf3 Nb2
46. N3e4 Rh6 47. f6 Nxc4 48. f7+ Kf8 49. Nf6 Ne5 50. Nfxh7+ 1-0

[Event "Lichtenberger Sommer 2018"]
[Site "?"]
[Date "2018.08.20"]
[Round "3.8"]
[White "Poseck, Steffen"]
[Black "Teh, Eu Wen Aron"]
[Result "1-0"]
[WhiteElo "2052"]
[BlackElo "2286"]
[PlyCount "39"]
[EventDate "2018.??.??"]
[WhiteTeam "BSV 63 Chemie Weißensee"]
[BlackTeam "Imperial College Chess Club"]

1. c4 Nf6 2. Nc3 e6 3. e4 d5 4. cxd5 exd5 5. e5 Ne4 6. Nf3 Nc6 7. Bb5 Nxc3 8.
dxc3 Be7 9. O-O O-O 10. Qd3 Bg4 11. Re1 Bh5 12. Bxc6 bxc6 13. Nd4 Qd7 14. f4 c5
15. Nf5 Rfd8 16. Qh3 Bf8 17. Qxh5 g6 18. Nh6+ Kg7 19. Qh4 Be7 20. Qg3 1-0

[Event "Lichtenberger Sommer 2018"]
[Site "?"]
[Date "2018.08.20"]
[Round "3.9"]
[White "Petersen, Soren Boeck"]
[Black "Heuser, Philip"]
[Result "1/2-1/2"]
[WhiteElo "2212"]
[BlackElo "2049"]
[PlyCount "59"]
[EventDate "2018.??.??"]
[WhiteTeam "Damhus Skakklub"]
[BlackTeam "Münchener SC"]

1. e4 c6 2. d4 d5 3. Nc3 dxe4 4. Nxe4 Nd7 5. Ng5 Ngf6 6. Bd3 e6 7. N1f3 Bd6 8.
Qe2 h6 9. Ne4 Nxe4 10. Qxe4 Qc7 11. Qg4 Kf8 12. O-O b6 13. Re1 c5 14. b3 Bb7
15. dxc5 Qxc5 16. Bb2 Nf6 17. Qh3 Qh5 18. Qxh5 Nxh5 19. Be4 Bxe4 20. Rxe4 Nf6
21. Ra4 Ke7 22. Rd1 Rhc8 23. Rd2 b5 24. Rh4 Rd8 25. Kf1 Bc5 26. Bxf6+ Kxf6 27.
Rf4+ Ke7 28. Rxd8 Rxd8 29. Ne5 Rd5 30. Nd3 1/2-1/2

[Event "Lichtenberger Sommer 2018"]
[Site "?"]
[Date "2018.08.20"]
[Round "3.11"]
[White "Polatel, Ali"]
[Black "Nohr, Jonas"]
[Result "1/2-1/2"]
[WhiteElo "2230"]
[BlackElo "2100"]
[PlyCount "287"]
[EventDate "2018.??.??"]
[WhiteTeam "SC Zugzwang 95 (Berlin)"]
[BlackTeam "Königsjäger Süd-West"]

1. d4 d5 2. c4 c6 3. Nf3 Nf6 4. cxd5 cxd5 5. Nc3 Nc6 6. Bf4 e6 7. e3 Bb4 8. Rc1
Qa5 9. Qb3 Ne4 10. Bd3 f5 11. O-O O-O 12. Nb5 Rf7 13. Rfd1 Bf8 14. Ne5 Nxe5 15.
Bxe5 Bd7 16. Nc3 Bc6 17. a3 h6 18. Qc2 Nxc3 19. Qxc3 Qxc3 20. Rxc3 a5 21. Kf1
Rd7 22. Ke2 a4 23. Rdc1 Bd6 24. Bxd6 Rxd6 25. Rc5 Kf7 26. Bb5 Bxb5+ 27. Rxb5
Rd7 28. Kd3 Ke7 29. f4 g5 30. g3 g4 31. Rcc5 Rh8 32. Rb4 Ra8 33. Rc1 h5 34. h4
gxh3 35. Rh1 Kf6 36. Rxh3 Rh7 37. Kd2 Kg6 38. Kd3 Rc7 39. Rh1 Ra6 40. Rd1 Kf6
41. Rh1 Kg6 42. Rd1 Kf6 43. Rd2 Rg7 44. Rh2 Kg6 45. Rc2 Ra8 46. Rb6 Kf6 47. Rh2
Rh7 48. Rb4 Rg8 49. Rh3 Ra8 50. Kd2 Kg6 51. Rh1 Kf6 52. Ke2 Rc8 53. Kd3 Rg8 54.
Rh3 Ra8 55. Kd2 Kg6 56. Rh2 Kf6 57. Ke2 Kg6 58. Kf3 Rc7 59. Rb6 Ra6 60. Rxa6
bxa6 61. Rd2 Rc1 62. Rd3 Rf1+ 63. Ke2 Rb1 64. Rd2 Rg1 65. Kf2 Rh1 66. Kg2 Rb1
67. Rc2 Kf6 68. Kf2 Ke7 69. Ke2 Rg1 70. Kf2 Rb1 71. Rc7+ Kd6 72. Rb7 Kc6 73.
Rb8 Kc7 74. Rb4 Kc6 75. Kf3 a5 76. Rb8 Rf1+ 77. Ke2 Rg1 78. Kf2 Rb1 79. Kg2 Re1
80. Kf3 Rf1+ 81. Ke2 Rg1 82. Kf2 Rb1 83. Rc8+ Kb7 84. Rc2 Rh1 85. Kg2 Rb1 86.
Kf3 Rf1+ 87. Ke2 Rg1 88. Kd3 Rxg3 89. Rh2 Rg6 90. Rxh5 Kc6 91. Rh8 Rg2 92. Rb8
Rg6 93. Rc8+ Kb7 94. Re8 Kc7 95. Re7+ Kc6 96. Ra7 Kb6 97. Rh7 Kc6 98. Ra7 Kb6
99. Ra8 Rh6 100. Re8 Kc6 101. Kc3 Kb6 102. b4 axb3 103. Kxb3 Kb5 104. Rb8+ Kc6
105. Ka4 Kc7 106. Rb3 Rh8 107. Kxa5 Ra8+ 108. Kb4 Kb6 109. Rb1 Rc8 110. Rh1
Rc4+ 111. Kb3 Rc6 112. Rh6 Ka5 113. Rh8 Rb6+ 114. Ka2 Rc6 115. Re8 Ka4 116.
Ra8+ Kb5 117. Kb3 Rc1 118. Re8 Rc6 119. a4+ Ka6 120. Ra8+ Kb7 121. Rh8 Ka6 122.
Kb4 Rb6+ 123. Ka3 Rc6 124. Rb8 Rc3+ 125. Rb3 Rc4 126. Rb1 Rc3+ 127. Rb3 Rc4
128. Rb8 Rc3+ 129. Kb4 Rxe3 130. Kc5 Re4 131. Re8 Kb7 132. Re7+ Ka6 133. Re8
Kb7 134. a5 Ka7 135. Re7+ Ka6 136. Rd7 Rxf4 137. Rd6+ Kxa5 138. Rxe6 Rf1 139.
Kxd5 Kb5 140. Rf6 f4 141. Rf5 f3 142. Ke4+ Kc6 143. Rf6+ Kd7 144. Rxf3 1/2-1/2

[Event "Lichtenberger Sommer 2018"]
[Site "?"]
[Date "2018.08.20"]
[Round "3.12"]
[White "Dathe, Frederick"]
[Black "Postler, Reinhard"]
[Result "0-1"]
[WhiteElo "2007"]
[BlackElo "2251"]
[PlyCount "46"]
[EventDate "2018.??.??"]
[WhiteTeam "SC Kreuzberg"]
[BlackTeam "TSG Oberschöneweide"]

1. Nf3 d5 2. c4 c6 3. e3 Nf6 4. Nc3 e6 5. b3 Nbd7 6. Bb2 Bd6 7. Qc2 Qe7 8. Rg1
e5 9. cxd5 Nxd5 10. Ne4 Bc7 11. g4 h6 12. h4 a5 13. a3 N7f6 14. g5 hxg5 15.
hxg5 Nxe4 16. Qxe4 f6 17. Nh4 Qf7 18. Bd3 Be6 19. g6 Qd7 20. Nf5 O-O-O 21.
O-O-O Rh5 22. Ng3 Rg5 23. Qh4 Nb4 0-1

[Event "Lichtenberger Sommer 2018"]
[Site "?"]
[Date "2018.08.20"]
[Round "3.13"]
[White "Kapp, Martin"]
[Black "Elsing, Jan"]
[Result "1-0"]
[WhiteElo "2233"]
[BlackElo "2129"]
[PlyCount "77"]
[EventDate "2018.??.??"]
[WhiteTeam "SV Erzgebirge Stollberg"]
[BlackTeam "SC Friesen Lichtenberg"]

1. d4 d5 2. c4 c6 3. cxd5 cxd5 4. Nc3 Nf6 5. Bf4 Nc6 6. e3 Bf5 7. Qb3 Qb6 8.
Qxb6 axb6 9. Nf3 Nb4 10. Bb5+ Bd7 11. O-O e6 12. Bc7 Be7 13. a3 Na6 14. Bxb6
O-O 15. Ne5 Bxb5 16. Nxb5 Rfc8 17. Rac1 Ne4 18. Rfd1 f6 19. Nd3 Rc6 20. Rxc6
bxc6 21. Na7 c5 22. f3 Rb8 23. fxe4 Rxb6 24. Nc8 Rb7 25. Nxe7+ Rxe7 26. exd5
cxd4 27. dxe6 Rxe6 28. exd4 Re2 29. d5 Kf7 30. d6 Ke8 31. b4 Nb8 32. Kf1 Ra2
33. Nc5 Nd7 34. Re1+ Kd8 35. Ne6+ Kc8 36. Rc1+ Kb8 37. Rc7 Ne5 38. d7 Rd2 39.
Rc8+ 1-0

[Event "Lichtenberger Sommer 2018"]
[Site "?"]
[Date "2018.08.20"]
[Round "3.14"]
[White "Albrecht, Rainer"]
[Black "Lampe, Dirk"]
[Result "1-0"]
[WhiteElo "2083"]
[BlackElo "2188"]
[PlyCount "63"]
[EventDate "2018.??.??"]
[WhiteTeam "SC Kreuzberg"]
[BlackTeam "Lübecker SV"]

1. Nf3 g6 2. g3 Bg7 3. Bg2 c5 4. c4 Nc6 5. Nc3 e5 6. O-O Nge7 7. Ne1 O-O 8. Nc2
d6 9. Ne3 Rb8 10. d3 a6 11. a4 Nb4 12. Bd2 Be6 13. Rc1 Qd7 14. Ncd5 Nbxd5 15.
Nxd5 Nxd5 16. cxd5 Bh3 17. b4 Bxg2 18. Kxg2 b6 19. Qb3 h5 20. Qa3 h4 21. e4 Bf6
22. a5 cxb4 23. Bxb4 Be7 24. Rc6 b5 25. f3 Rfc8 26. Rfc1 h3+ 27. Kf1 Rxc6 28.
Rxc6 Qa7 29. Qc1 Qd4 30. Qc3 Qe3 31. d4 Qg5 32. dxe5 1-0

[Event "Lichtenberger Sommer 2018"]
[Site "?"]
[Date "2018.08.20"]
[Round "3.15"]
[White "Kohler, Thomas"]
[Black "Sabrowski, Uwe"]
[Result "1-0"]
[WhiteElo "2161"]
[BlackElo "2106"]
[PlyCount "57"]
[EventDate "2018.??.??"]
[WhiteTeam "SC Zitadelle Spandau"]
[BlackTeam "SC Friesen Lichtenberg"]

1. Nf3 f5 2. g3 Nf6 3. Bg2 d6 4. d4 g6 5. O-O Bg7 6. b4 O-O 7. Bb2 Qe8 8. c4
Nbd7 9. Nc3 h6 10. Nb5 Qd8 11. d5 c5 12. dxc6 bxc6 13. Nbd4 Nb8 14. Nd2 Qb6 15.
Qb3 Kh7 16. c5 dxc5 17. bxc5 Qxb3 18. axb3 Bd7 19. Nc4 Nd5 20. e4 fxe4 21. Bxe4
Rd8 22. Rfd1 e6 23. Nf3 Bxb2 24. Nxb2 a5 25. Ne5 Be8 26. Nbc4 Nd7 27. Nxd7 Rxd7
28. Bxd5 exd5 29. Nb6 1-0

[Event "Lichtenberger Sommer 2018"]
[Site "?"]
[Date "2018.08.20"]
[Round "3.16"]
[White "Püschel, Werner"]
[Black "Möller, Dustin"]
[Result "1/2-1/2"]
[WhiteElo "2034"]
[BlackElo "2149"]
[PlyCount "72"]
[EventDate "2018.??.??"]
[WhiteTeam "Lasker Steglitz-Wilmersdorf"]
[BlackTeam "Eckernförder SC"]

1. a3 d5 2. Nf3 c5 3. c4 Nf6 4. g3 Nc6 5. cxd5 Nxd5 6. d3 e5 7. Bg2 Be7 8. O-O
Be6 9. Nc3 O-O 10. Nxd5 Bxd5 11. Bd2 f6 12. Bc3 Nd4 13. Bxd4 exd4 14. Nd2 Bxg2
15. Kxg2 Qd5+ 16. Kg1 Rfe8 17. Qb3 Qxb3 18. Nxb3 Bd6 19. Rfe1 Re6 20. Rac1 b6
21. Kf1 f5 22. Rc2 h5 23. a4 h4 24. a5 f4 25. gxh4 Rh6 26. axb6 axb6 27. Nd2
Rxh4 28. Kg2 Re8 29. Nf3 Rh6 30. Rg1 Rhe6 31. Kf1 Ra8 32. Rg4 Ra1+ 33. Kg2 Rb1
34. h3 Rf6 35. Nd2 Re1 36. Nf3 Rb1 1/2-1/2

[Event "Lichtenberger Sommer 2018"]
[Site "?"]
[Date "2018.08.20"]
[Round "3.17"]
[White "Amelang, Thomas"]
[Black "Heerde, Thomas"]
[Result "1/2-1/2"]
[WhiteElo "2177"]
[BlackElo "2005"]
[PlyCount "76"]
[EventDate "2018.??.??"]
[WhiteTeam "Münchener SC"]
[BlackTeam "SK Zehlendorf"]

1. e4 d5 2. exd5 Qxd5 3. Nc3 Qa5 4. Bc4 Nf6 5. Nf3 Bg4 6. Qe2 Nc6 7. Bb5 e6 8.
h3 Bxf3 9. Qxf3 Qb6 10. a4 a5 11. O-O O-O-O 12. Bxc6 Qxc6 13. Qxc6 bxc6 14. d3
Nd5 15. Nxd5 cxd5 16. Bd2 Bb4 17. c3 Bd6 18. f4 c5 19. d4 Kd7 20. c4 cxd4 21.
cxd5 Ra8 22. dxe6+ fxe6 23. Rf3 Rhb8 24. b3 Bb4 25. Rd1 Kc6 26. Bxb4 Rxb4 27.
Re1 Kd6 28. Re5 Rab8 29. Rd3 Rc8 30. Kf2 Rc3 31. Ke2 Rcxb3 32. Rxa5 Rb2+ 33.
Kf3 Ra2 34. Rg5 g6 35. a5 Rba4 36. Ke4 Re2+ 37. Kf3 Rea2 38. Ke4 Re2+ 1/2-1/2

[Event "Lichtenberger Sommer 2018"]
[Site "?"]
[Date "2018.08.20"]
[Round "3.18"]
[White "Bornschein, Burkhard"]
[Black "McGowan, Daniel"]
[Result "0-1"]
[WhiteElo "1971"]
[BlackElo "2139"]
[PlyCount "66"]
[EventDate "2018.??.??"]
[WhiteTeam "BSC Rehberge"]
[BlackTeam "SF 1903 Berlin"]

1. d4 e6 2. c4 Nf6 3. Nf3 d5 4. Nc3 Be7 5. e3 O-O 6. Qc2 b6 7. Bd3 Bb7 8. Qe2
Nbd7 9. O-O Ne4 10. cxd5 exd5 11. Qc2 Ndf6 12. Ne5 c5 13. f3 Nd6 14. Nb5 Nde8
15. Nc3 Nc7 16. Bf5 g6 17. Bh3 Qd6 18. Qf2 Bc8 19. g4 Nfe8 20. Nd3 Ne6 21. Bg2
Bf6 22. dxc5 bxc5 23. Rd1 Bb7 24. Ne1 Bg7 25. Rb1 d4 26. exd4 cxd4 27. Ne2 N8c7
28. Nd3 Rad8 29. Ndf4 Rfe8 30. Qg3 Be5 31. Nxe6 Bxg3 32. Nxd8 Bxh2+ 33. Kf1 Ba6
0-1

[Event "Lichtenberger Sommer 2018"]
[Site "?"]
[Date "2018.08.20"]
[Round "3.19"]
[White "Baranowsky, Peter"]
[Black "Krefenstein, Sergej"]
[Result "0-1"]
[WhiteElo "1848"]
[BlackElo "2120"]
[PlyCount "52"]
[EventDate "2018.??.??"]
[WhiteTeam "SF 1903 Berlin"]
[BlackTeam "TuS Makkabi Berlin"]

1. e4 c6 2. d4 d5 3. exd5 cxd5 4. Bd3 Nc6 5. c3 Qc7 6. h3 g6 7. Qf3 Nxd4 8.
Qxd5 Bg7 9. cxd4 Qxc1+ 10. Ke2 Nf6 11. Qb3 O-O 12. Qc2 Qg5 13. Nd2 Nd5 14. Ne4
Nf4+ 15. Kd2 Qxg2 16. Ne2 Qf3 17. Raf1 Bh6 18. Nxf4 Bxf4+ 19. Ke1 f5 20. Bc4+
Kg7 21. Nd2 Qc6 22. Qc3 Bd7 23. Nf3 Rac8 24. d5+ Qf6 25. Qxf6+ exf6 26. b3 b5
0-1

[Event "Lichtenberger Sommer 2018"]
[Site "?"]
[Date "2018.08.20"]
[Round "3.20"]
[White "Daverkausen, Bernd"]
[Black "Barskij, Aleksandr"]
[Result "1-0"]
[WhiteElo "2132"]
[BlackElo "1890"]
[PlyCount "65"]
[EventDate "2018.??.??"]
[WhiteTeam "Kölner SK Dr. Lasker"]
[BlackTeam "SV Unna"]

1. c4 e5 2. Nc3 Nf6 3. Nf3 Nc6 4. e3 d5 5. cxd5 Nxd5 6. Bb5 Nxc3 7. bxc3 Bd6 8.
d4 exd4 9. cxd4 O-O 10. O-O Bf5 11. Bb2 Nb4 12. Qb3 c6 13. Be2 a5 14. a3 a4 15.
Qc3 Nd5 16. Qc1 Re8 17. Ne5 Qh4 18. g3 Qh3 19. Bf3 f6 20. Bg2 Qh6 21. Nc4 Bc7
22. Nd2 Ba5 23. Nc4 Bd3 24. Rd1 Be2 25. Nxa5 Bxd1 26. Nxb7 Bb3 27. Nd6 Red8 28.
Qxc6 Ne7 29. Qc7 Kf8 30. Bxa8 Rxa8 31. Bc3 f5 32. Bb4 Qf6 33. Nc8 1-0

[Event "Lichtenberger Sommer 2018"]
[Site "?"]
[Date "2018.08.20"]
[Round "3.21"]
[White "Plaza Reino, Agustin"]
[Black "Sieglen, Joachim"]
[Result "1-0"]
[WhiteElo "1944"]
[BlackElo "2196"]
[PlyCount "70"]
[EventDate "2018.??.??"]
[WhiteTeam "Enniscorthy Chess Club"]
[BlackTeam "SC Untergrombach"]

1. e4 e6 2. d4 d5 3. Nd2 Nf6 4. e5 Nfd7 5. f4 c5 6. c3 Nc6 7. Ndf3 Qb6 8. h4
Be7 9. a3 cxd4 10. cxd4 Na5 11. Ne2 Nb3 12. Rb1 Nxc1 13. Qxc1 Qc6 14. Qe3 Nb6
15. Rc1 Nc4 16. Qb3 Qb6 17. Qxb6 axb6 18. Rc2 Bd7 19. Nc3 b5 20. Nd2 O-O 21.
Kf2 Rfc8 22. Bd3 Nxb2 23. Rxb2 Rxc3 24. Bxb5 Bxb5 25. Rxb5 Rc2 26. Rd1 Rxa3 27.
Rxb7 Bxh4+ 28. Ke2 h6 29. Rh1 Raa2 30. Rxh4 Rxd2+ 31. Kf3 Ra3+ 32. Kg4 Rxg2+
33. Kh5 Rd3 34. Rb8+ Kh7 35. Rf8 g6# 1-0

[Event "Lichtenberger Sommer 2018"]
[Site "?"]
[Date "2018.08.20"]
[Round "3.22"]
[White "Kunz, Andre"]
[Black "Jimenez Jimenez, Darfo"]
[Result "1-0"]
[WhiteElo "2159"]
[BlackElo "1778"]
[PlyCount "89"]
[EventDate "2018.??.??"]
[WhiteTeam "BSV 63 Chemie Weißensee"]
[BlackTeam "Lacorrala-Lawapys"]

1. e4 c5 2. c3 Nf6 3. e5 Nd5 4. d4 cxd4 5. Nf3 e6 6. cxd4 d6 7. Bc4 dxe5 8.
dxe5 Bb4+ 9. Nbd2 O-O 10. O-O Ne7 11. a3 Bxd2 12. Bxd2 Ng6 13. Qe2 Nc6 14. Bc3
b6 15. Rfd1 Qc7 16. h4 Bb7 17. Bd3 Kh8 18. Qe3 Nce7 19. Rac1 Nd5 20. Qg5 Qe7
21. Qxe7 Ngxe7 22. Bd2 h6 23. Nd4 Rac8 24. Nb5 Ba6 25. h5 Kg8 26. Bf1 Rfd8 27.
Nxa7 Rxc1 28. Rxc1 Bxf1 29. Kxf1 Ra8 30. Nb5 Rc8 31. Rxc8+ Nxc8 32. a4 Nce7 33.
Nd4 Kf8 34. a5 bxa5 35. Bxa5 Ke8 36. g3 Kd7 37. Ke2 Nc6 38. Nxc6 Kxc6 39. Kd3
Kb5 40. Bd2 Nb6 41. g4 Na4 42. Bxh6 Nc5+ 43. Kd4 gxh6 44. g5 Nd7 45. g6 1-0

[Event "Lichtenberger Sommer 2018"]
[Site "?"]
[Date "2018.08.20"]
[Round "3.23"]
[White "Alten, Silvio"]
[Black "Hesse, Henrik"]
[Result "0-1"]
[WhiteElo "1899"]
[BlackElo "2137"]
[PlyCount "88"]
[EventDate "2018.??.??"]
[WhiteTeam "SV Mattnetz Berlin"]
[BlackTeam "SV Mattnetz Berlin"]

1. e4 e5 2. Nf3 Nf6 3. Bc4 Nxe4 4. Nxe5 Qe7 5. Qe2 Qxe5 6. Nc3 Nc6 7. Qxe4
Qxe4+ 8. Nxe4 Nb4 9. Bb3 d5 10. Ng3 Be6 11. a3 Nc6 12. Ne2 Bd6 13. d4 Na5 14.
Ba4+ c6 15. c3 Bf5 16. Kd1 O-O 17. Bc2 Bxc2+ 18. Kxc2 Rfe8 19. Re1 Bxh2 20. g3
Re4 21. Bd2 Rae8 22. Nf4 Rxe1 23. Rxe1 Rxe1 24. Bxe1 g5 25. Ng2 Nc4 26. a4 f5
27. b3 Nd6 28. Ne3 h5 29. Nf1 Bg1 30. f3 Kf7 31. Kd3 Ke6 32. Bd2 Kf6 33. Be1 f4
34. g4 h4 35. Ke2 h3 36. Bf2 h2 37. Nxh2 Bxh2 38. Kf1 Bg3 39. Bxg3 fxg3 40. Kg2
b5 41. Kxg3 bxa4 42. bxa4 Nc4 43. Kf2 Nb2 44. a5 a6 0-1

[Event "Lichtenberger Sommer 2018"]
[Site "?"]
[Date "2018.08.20"]
[Round "3.24"]
[White "Wierzbicki, Jirawat"]
[Black "Lange, Cecilia"]
[Result "1-0"]
[WhiteElo "2187"]
[BlackElo "1959"]
[PlyCount "115"]
[EventDate "2018.??.??"]
[WhiteTeam "SK König Tegel"]
[BlackTeam "TSG Oberschöneweide"]

1. e4 c6 2. d4 d5 3. exd5 cxd5 4. Bf4 Nc6 5. c3 Nf6 6. Nd2 Bf5 7. Ngf3 e6 8.
Qb3 Qc8 9. Be2 Be7 10. O-O O-O 11. Rac1 Ne4 12. Rfd1 Bd6 13. Be3 Qd7 14. a4 a6
15. Nxe4 Bxe4 16. Nd2 Bg6 17. Qa2 b5 18. Ra1 Qb7 19. b4 Rfc8 20. Rdc1 h6 21.
Nb3 Ne7 22. Nc5 Bxc5 23. bxc5 b4 24. Qb2 Rcb8 25. Bf4 bxc3 26. Qxc3 Rc8 27. h4
Nc6 28. h5 Be4 29. Bd3 Bxd3 30. Qxd3 Na5 31. Rab1 Qd7 32. Rb4 Nc4 33. Qg3 Kh8
34. Rcb1 Qe7 35. Rb7 Qf6 36. Rd1 Qf5 37. Qf3 e5 38. Qxd5 Qxf4 39. Qxc4 Qg4 40.
Rd3 Qxh5 41. d5 Qe2 42. Rc3 Qe1+ 43. Kh2 Qxf2 44. d6 e4 45. Rxf7 Qh4+ 46. Rh3
Qg5 47. Qxe4 Rf8 48. Rxf8+ Rxf8 49. c6 Qc5 50. d7 Qd6+ 51. Rg3 Rg8 52. Qg6 Qe5
53. Qd3 Qh5+ 54. Kg1 Qc5+ 55. Re3 Qb6 56. c7 Qxc7 57. Re8 Qc5+ 58. Qe3 1-0

[Event "Lichtenberger Sommer 2018"]
[Site "?"]
[Date "2018.08.20"]
[Round "3.25"]
[White "Niehaus, Frank"]
[Black "Grillich, Alexander"]
[Result "1-0"]
[WhiteElo "2191"]
[BlackElo "1941"]
[PlyCount "55"]
[EventDate "2018.??.??"]
[WhiteTeam "SK König Tegel"]
[BlackTeam "SC Rochade (Berlin)"]

1. e4 c5 2. Nf3 Nc6 3. d4 cxd4 4. Nxd4 Nf6 5. Nc3 d6 6. Bg5 e6 7. Qd2 Be7 8.
O-O-O O-O 9. f4 a6 10. Kb1 d5 11. e5 Nd7 12. Bxe7 Qxe7 13. Nf3 b5 14. Bd3 Nc5
15. Rhe1 Rd8 16. g4 b4 17. Ne2 Nxd3 18. Qxd3 a5 19. Ng5 f5 20. gxf5 exf5 21.
Qb5 Nxe5 22. Rxd5 Nf7 23. Rxd8+ Qxd8 24. Nc1 Bd7 25. Qd5 Be8 26. Rxe8+ Qxe8 27.
Nxf7 Kf8 28. Nd6 1-0